| 000 | 01177cad a22002775a 4500 | ||
|---|---|---|---|
| 001 | L143374 | ||
| 008 | 080430s2006 xxk f 100 0 eng d | ||
| 035 | _a(Sirsi) u143374 | ||
| 041 | 0 | _aeng | |
| 050 | 0 | 4 | _a346.41043 $2 18 |
| 100 | 1 | _aDowding, Nicholas | |
| 111 | 2 |
_aAnnual Conference of the Property Litigation Association _b(March 2006) |
|
| 245 | 0 | 0 |
_aAnnual conference of the Property Litigation Association _bKeble College, Oxford _h[electronic resource] |
| 260 |
_a[S.l.] _bPLA _c2006 |
||
| 505 | 2 | _aCase law kaleidoscope: a review of some of the year's significant cases -- The life of Pye: where has adverse possession got to -- Putting the sense back into the law of consents -- A tenant's view of the market | |
| 520 | _aCollection of conference papers from the Property Litigation Association's 2006 annual conference. | ||
| 521 | 2 | _aAdvanced | |
| 590 | _aKA | ||
| 651 | 4 |
_aUnited Kingdom _y |
|
| 690 | _aPROPERTY | ||
| 700 | 1 | _aGaunt, Jonathan | |
| 700 | 1 | _aSeitler, Jonathan | |
| 700 | 1 | _aHawkins, Kevin | |
| 856 | 4 | 0 |
_uhttps://www.pla.org.uk/library/conference_papers _zView the conference papers free of charge at www.pla.org.uk... |
| 942 | _n0 | ||
| 999 |
_c108136 _d108136 |
||